International Journal Of Rural Management (Record no. 41531)

MARC details
000 -LEADER
fixed length control field 00283nam a22001097a 4500
008 - FIXED-LENGTH DATA ELEMENTS--GENERAL INFORMATION
fixed length control field 240923b |||||||| |||| 00| 0 eng d
022 ## - INTERNATIONAL STANDARD SERIAL NUMBER
International Standard Serial Number 09730052
245 ## - TITLE STATEMENT
Title International Journal Of Rural Management
260 ## - PUBLICATION, DISTRIBUTION, ETC.
Place of publication, distribution, etc. New Dehli
Name of publisher, distributor, etc. Sage Publication
Date of publication, distribution, etc. 2024
300 ## - PHYSICAL DESCRIPTION
Extent Eng
942 ## - ADDED ENTRY ELEMENTS (KOHA)
Koha item type Serial
Holdings
Withdrawn status Lost status Source of classification or shelving scheme Damaged status Not for loan Home library Current library Date acquired Serial Enumeration / chronology Total Checkouts Barcode Date last seen Price effective from Koha item type Full call number
    Dewey Decimal Classification     IMTN IMTN 09/25/2024 Vol. 20, No. 1   P05 09/25/2024 09/25/2024 Serial  
    Dewey Decimal Classification     IMTN IMTN 09/25/2024 Vol. 20, No. 2   P06 09/25/2024 09/25/2024 Serial  
    Dewey Decimal Classification     IMTN IMTN 12/02/2024 Vol. 20, No. 3   P110 12/02/2024 12/02/2024 Serial  
    Dewey Decimal Classification     IMTN IMTN 09/29/2025 Vol. 21, No. 1   P893 09/29/2025 09/29/2025 Serial 41533
    Dewey Decimal Classification     IMTN IMTN 09/29/2025 Vol. 21, No. 2   P894 09/29/2025 09/29/2025 Serial  
Designed & Maintained by: LRC IMT Nagpur Contact: lrc@imtnag.ac.in© 2024. All Rights Reserved.